000 00906naa a22002897a 4500
001 BR6009515
003 BR-BrBNA
005 20240918173033.0
007 ta
008 230509b bl.||||| |||| 00| 0 por d
040 _aBR-BrBNA
_bpor
_cBiblioteca Nacional de Agricultura
041 _a(Pt)
072 _aL00
_b5212
_bG514
090 _aL00 BR6009515
100 1 _aPaz, A. de F.
111 1 _a5. Congresso Rural
_cPorto Alegre, RS (Brazil)
_d24 May 1934
245 1 _aRaca bovina normanda no Rio Grande do Sul [Bos taurus; Brasil]
260 3 _aPorto Alegre, RS (Brasil):
_c1931.
500 _aAnnaes do 5. Congresso Rural Porto Alegre, RS (Brasil): 1931. p. 178-194 (BR6009515-AM)L00
650 _aProducao animal
650 _aBovino
650 _aGado de corte
650 _aGado leiteiro
650 _aRio Grande do Sul
909 _a202404
_bLucia
_c55
_dLucia Elande
942 _cAM
_2AGRIS
999 _c302597
_d302597